Southville International School and Colleges
Your cart is empty.
  • Cart
  • Lists
    Public lists Eva Luna New books Lux_list list_1
    Your lists Log in to create your own lists
  • Log in to your account
  • Your cookies
  • Search history
Southville International School and Colleges
  • Advanced search
  • Recent comments
  • Most popular
  • Libraries

Log in to your account

Log in with GOOGLE


If you do not have an external account, but do have a local account, you can still log in:

  1. Home
  2. MARC view: Amadeo Y. Manalad :
Normal view MARC view ISBD view

Amadeo Y. Manalad : (Record no. 305251)

[ view plain ]
MARC details
000 -LEADER
fixed length control field 00901nam a2200241Ia 4500
008 - FIXED-LENGTH DATA ELEMENTS--GENERAL INFORMATION
fixed length control field 161112s9999 xx 000 0 und d
050 ## - LIBRARY OF CONGRESS CALL NUMBER
Classification number REF ND 1029.M54
050 ## - LIBRARY OF CONGRESS CALL NUMBER
Item number .G94 2003
100 ## - MAIN ENTRY--PERSONAL NAME
Personal name Guerrero, Amadis Ma.
245 #0 - TITLE STATEMENT
Title Amadeo Y. Manalad :
245 #0 - TITLE STATEMENT
Remainder of title history's muralist /
245 #0 - TITLE STATEMENT
Statement of responsibility, etc Amadis Ma. Guerrero; preface by Juan T. Gatbonton; a critical appreciation by Patrick D. Flores; photography by Raffy Guerrero.
260 ## - PUBLICATION, DISTRIBUTION, ETC. (IMPRINT)
Place of publication, distribution, etc Manila :
260 ## - PUBLICATION, DISTRIBUTION, ETC. (IMPRINT)
Name of publisher, distributor, etc Kasaysayan Publishing.
260 ## - PUBLICATION, DISTRIBUTION, ETC. (IMPRINT)
Date of publication, distribution, etc 2003
300 ## - PHYSICAL DESCRIPTION
Extent 114 pages :
300 ## - PHYSICAL DESCRIPTION
Other physical details illustrations (some color) ;
300 ## - PHYSICAL DESCRIPTION
Dimensions 24 cm.
500 ## - GENERAL NOTE
General note Includes bibliographical references.
650 ## - SUBJECT ADDED ENTRY--TOPICAL TERM
Topical term or geographic name as entry element Manalad, Amadeo Yabot -- 1911-1984 -- Criticism and interpretation.
650 ## - SUBJECT ADDED ENTRY--TOPICAL TERM
Topical term or geographic name as entry element Mural painting and decoration, Filipino -- Philippines -- 20th century.
650 ## - SUBJECT ADDED ENTRY--TOPICAL TERM
General subdivision Mural painting and decoration -- Philippines -- History.
Holdings
Withdrawn status Lost status Damaged status Home library Current library Shelving location Date acquired Cost, normal purchase price Total Checkouts Full call number Barcode Date last seen Price effective from Koha item type
      South Mansfield College South Mansfield College Reference Section 06/14/2016 1800.00   REF ND 1029.M54 .G94 2003 SMC06049 11/12/2016 11/12/2016  

Amadeo Y. Manalad :

APA

Guerrero A. M., .Amadeo Y. Manalad. Manila: .

Chicago

Guerrero Amadis Ma, .Amadeo Y. Manalad. Manila: .

Harvard

Guerrero A. M., .Amadeo Y. Manalad. Manila: .

MLA

Guerrero Amadis Ma, .Manila: . .

  • Place hold
  • Print
  • Cite
  • Add to your cart (remove)
  • Save record
    BIBTEX Dublin Core MARCXML MARC (non-Unicode/MARC-8) MARC (Unicode/UTF-8) MARC (Unicode/UTF-8, Standard) MODS (XML) RIS
  • More searches
    Search for this title in:
    Other Libraries (WorldCat) Other Databases (Google Scholar) Online Stores (Bookfinder.com) Open Library (openlibrary.org)

Exporting to Dublin Core...

SOUTHVILLE LIBRARY

Southville International School and Colleges Library

1281 Tropical Ave. Cor. Luxembourg St., BF Homes International, Las Pinas City

Tel. No. 8256374 / 252358 Loc. 117/146

Powered by Koha